Regional integration and development

Сохранить в:
Библиографические подробности
Главный автор: Schiff, Maurice
Формат:
Язык:Undetermined
Опубликовано: Washington DC The World Bank 2003
Предметы:
Метки: Добавить метку
Нет меток, Требуется 1-ая метка записи!
Thư viện lưu trữ: Trung tâm Học liệu Trường Đại học Cần Thơ
LEADER 00515nam a2200181Ia 4500
001 CTU_62846
008 210402s9999 xx 000 0 und d
082 |a 337.1 
082 |b S333 
100 |a Schiff, Maurice 
245 0 |a Regional integration and development 
245 0 |c Maurice Schiff and L.Allan Winters 
260 |a Washington DC 
260 |b The World Bank 
260 |c 2003 
650 |a International economic relations 
904 |i Minh 
980 |a Trung tâm Học liệu Trường Đại học Cần Thơ